|
|
|
|
| LEADER |
01302nam a2200337 a 4500 |
| 001 |
28703 |
| 003 |
BD-DhAAL |
| 005 |
20151118101058.0 |
| 008 |
141218r20082005enk d 000 1 eng |
| 010 |
|
|
|a 2004024730
|
| 020 |
|
|
|a 9781904233800
|
| 020 |
|
|
|a 0316160172
|
| 020 |
|
|
|a 9781905654406
|
| 040 |
|
|
|a DLC
|c DLC
|d DLC
|d BD-DhAAL
|
| 041 |
|
|
|a eng
|
| 042 |
|
|
|a lcac
|
| 050 |
0 |
0 |
|a PZ7.M5717515
|b Tw 2005
|
| 082 |
0 |
0 |
|a 813/.08738
|2 23
|
| 100 |
1 |
|
|a Meyer, Stephenie,
|d 1973-
|9 6864
|
| 245 |
1 |
0 |
|a Twilight /
|c Stephenie Meyer.
|
| 260 |
|
|
|a Great Britain :
|b Atom,
|c 2005 [reprinted 2008].
|
| 300 |
|
|
|a 451 p. ;
|c 20 cm.
|
| 541 |
|
|
|e 28703
|
| 650 |
|
1 |
|a Vampires
|v Fiction.
|9 6865
|
| 650 |
|
1 |
|a High schools
|v Fiction.
|9 6866
|
| 650 |
|
1 |
|a Schools
|v Fiction.
|9 6867
|
| 651 |
|
1 |
|a Washington (State)
|v Fiction.
|9 6868
|
| 942 |
|
|
|2 ddc
|c BK
|
| 999 |
|
|
|c 33313
|d 33313
|
| 952 |
|
|
|0 0
|1 0
|2 ddc
|4 0
|6 813_087380000000000_MEY
|7 0
|9 44491
|a BRACUL
|b BRACUL
|c GEN
|d 2014-12-18
|e BRAC Institute of Language (BIL)
|l 17
|m 63
|o 813.08738 MEY
|p 3010028703
|q 2025-10-08
|r 2025-09-07
|s 2025-09-07
|t 1
|w 2014-12-18
|y BK
|x Transferred from BIL to BRACUL on 06/06/22
|
| 952 |
|
|
|0 0
|1 0
|2 ddc
|4 0
|6 813_000000000000000__08738_MEY
|7 0
|9 56932
|a SCL
|b SCL
|c GEN
|d 2015-11-18
|g 900.00
|l 17
|m 55
|o 813.08738 MEY
|p 3020008146
|r 2024-11-03
|s 2024-10-22
|t 2
|w 2015-11-18
|y BK
|